01226 2200205 4500001002100000005001500021035002000036008004100056082001000097245015200107250001700259260003300276300002900309500060000338500003100938650001200969650001400981084001400995990001101009INLIS00000000000080520240817102546 a0010-0521000805240817 g 0 dut  a910.41 aHistorische beschryving der reizen, of nieuwe en volkome verzameling van de allerwaardigste en zeldzaamste zee- en land-togten /cJ. van der Schley aBagian ke-20 aAmsterdam :bJ. Roman,c1765 a408 p. :bill. ;c29 cm. aKoleksi catatan penjelajahan yang dilengkapi dengan ilustrasi. Dari Belanda, Inggris, Perancis, dan Portugis ke Afrika, Arab, Kalimantan, Sulawesi, Cina, Hindia-Belanda, India, Tartar, Tibet, dsb. Termasuk di dalamnya penjelajahan Australia yang lebih dulu dilakukan oleh Saavedra, Gaetano, Torres, Mendana, Quiros, Nodals. Termasuk juga kisah tentang penemuan benua Australia oleh orang Belanda dan Vlaming. Penjelajahan Belanda lainnya oleh Pelsaert, Tasman. Penjelajahan awal ke Papua Nugini oleh Keyts dan Vink. Penjelajahan ke Kepulauan Palau dan penjelajahan Roggeveen ke Terres Australes. aPart 20 : Nederlands India 4aJOURNEY 4aINDONESIA a910.4 HIS aB00324